00708 2200241 4500001002100000005001700021008004100038020001800079035002400097082001100121090001800132100002800150245010300178250001200281260003700293300001900330500005200349650001600401850001500417980001300432985000600445999001500451YOGYA-0209000000905420090227021151.0 ind  a979-561-016-3 0010-020900000009054 a297.32 a297.32bMas B aMASYHUR, Musthofa, Syeh aBerjumpa Allah lewat shalatcSyeh Musthafa Masyhur ; penerjemah, Abu Fahmi ; penyunting, Zeyd Amar aCet. 18 aJakartabGema Insani Pressc1997 a114 hlmc18 cm aJudul asli : Al hayaatu fii mihraabi ash sholah aDoa (Islam) aYOPDYOG(B) a05-06-03 a1 a98P0106670